Sports Quiz

Random Sports or Clickable Quiz

Countries with No Olympics Medals Quiz Stats

Quiz not verified by Sporcle

Score 0/65 Timer 10:00
0 Plays Today
% Correct
Bhutan
78.7%
Guinea-Bissau
76.6%
Comoros
75.7%
Kiribati
75.2%
Marshall Islands
74.7%
Andorra
74.1%
Nauru
74.1%
Palau
71.9%
Lesotho
71.7%
Cape Verde
71.1%
Brunei
70.8%
Maldives
70.8%
Micronesia
70.6%
Burkina Faso
70%
Benin
69.8%
St. Vincent & The Grenadines
69.8%
Antigua and Barbuda
68.4%
Equatorial Guinea
67.6%
Dominica
67%
Mauritania
67%
St. Lucia
67%
Palestine
66.7%
Gambia
66.2%
San Marino
65.7%
São Tomé & Príncipe
65.7%
Guinea
65.4%
Malawi
65.4%
Solomon Islands
65.1%
Belize
64.9%
Central African Republic
64.9%
Tuvalu
64%
St. Kitts and Nevis
63.5%
Vanuatu
63.5%
% Correct
Seychelles
62.5%
Laos
62.1%
Chad
61.9%
Oman
61.3%
Timor Leste
61.3%
Samoa
60.8%
Monaco
60.2%
Malta
59.9%
Papua New Guinea
58.9%
Mali
57.8%
Republic of the Congo (competes as Congo)
57.8%
Democratic Republic of the Congo
56.1%
Myanmar
55.3%
Madagascar
54.5%
Yemen
53.1%
Nepal
52.6%
Cambodia
52.3%
Sierra Leone
52.3%
Albania
52%
Rwanda
52%
El Salvador
51.2%
Liberia
51.2%
Bangladesh
49.9%
Angola
49.6%
Bosnia and Herzegovinia
46.3%
Swaziland
46.3%
Bolivia
44.1%
Nicaragua
42.5%
Libya
41.1%
Somalia
39.5%
Turkmenistan
38.7%
Honduras
37.6%

You're not logged in!

Compare scores with friends on all Sporcle quizzes.
Join for Free
OR
Log In

You Might Also Like...

Show Comments

Extras

Top Quizzes Today


Score Distribution

Your Account Isn't Verified!

In order to create a playlist on Sporcle, you need to verify the email address you used during registration. Go to your Sporcle Settings to finish the process.

Report this User

Report this user for behavior that violates our Community Guidelines.

Details: